<?xml version="1.0" encoding="UTF-8"?>
<record
    xmlns:xsi="http://www.w3.org/2001/XMLSchema-instance"
    xsi:schemaLocation="http://www.loc.gov/MARC21/slim http://www.loc.gov/standards/marcxml/schema/MARC21slim.xsd"
    xmlns="http://www.loc.gov/MARC21/slim">

  <leader>00917nam a22002537a 4500</leader>
  <controlfield tag="005">20170123164144.0</controlfield>
  <datafield tag="010" ind1=" " ind2=" ">
    <subfield code="a">B-124908</subfield>
  </datafield>
  <datafield tag="020" ind1=" " ind2=" ">
    <subfield code="c">140.00</subfield>
    <subfield code="a">8181380185</subfield>
  </datafield>
  <datafield tag="035" ind1=" " ind2=" ">
    <subfield code="a">B-124908</subfield>
  </datafield>
  <datafield tag="037" ind1=" " ind2=" ">
    <subfield code="b">Cen Lib / Ret</subfield>
  </datafield>
  <datafield tag="040" ind1=" " ind2=" ">
    <subfield code="a">DPL</subfield>
    <subfield code="b">PN</subfield>
  </datafield>
  <datafield tag="082" ind1=" " ind2=" ">
    <subfield code="a">&#xA13;</subfield>
    <subfield code="b">&#xA17;&#xA41;&#xA30;&#xA1A;</subfield>
  </datafield>
  <datafield tag="100" ind1=" " ind2=" ">
    <subfield code="a">&#xA17;&#xA41;&#xA30;&#xA41;&#xA1A;&#xA30;&#xA28; &#xA15;&#xA4C;&#xA30; &#xA1A;&#xA3F;&#xA71;&#xA24; </subfield>
    <subfield code="9">44266</subfield>
  </datafield>
  <datafield tag="245" ind1=" " ind2=" ">
    <subfield code="a">&#xA28;&#xA48;&#xA28;&#xA26;&#xA40;&#xA2A;</subfield>
    <subfield code="c">&#xA17;&#xA41;&#xA30;&#xA41;&#xA1A;&#xA30;&#xA28; &#xA15;&#xA4C;&#xA30; &#xA1A;&#xA3F;&#xA71;&#xA24; </subfield>
  </datafield>
  <datafield tag="246" ind1=" " ind2=" ">
    <subfield code="a">Neindeep /</subfield>
    <subfield code="b">by Gurcharan Kaur Chant </subfield>
  </datafield>
  <datafield tag="260" ind1=" " ind2=" ">
    <subfield code="a">&#xA26;&#xA3F;&#xA71;&#xA32;&#xA40;</subfield>
    <subfield code="b">&#xA10;&#xA2E;. &#xA2A;&#xA40;. &#xA2A;&#xA4D;&#xA30;&#xA15;&#xA3E;&#xA38;&#xA3C;&#xA28;  </subfield>
    <subfield code="c">2005</subfield>
  </datafield>
  <datafield tag="270" ind1=" " ind2=" ">
    <subfield code="a">12/190, &#xA17;&#xA40;&#xA24;&#xA3E; &#xA15;&#xA3E;&#xA32;&#xA4B;&#xA28;&#xA40; </subfield>
    <subfield code="b">&#xA26;&#xA3F;&#xA71;&#xA32;&#xA40;</subfield>
    <subfield code="e">110031</subfield>
  </datafield>
  <datafield tag="300" ind1=" " ind2=" ">
    <subfield code="a">102p.</subfield>
    <subfield code="c">21cm(Hb)</subfield>
  </datafield>
  <datafield tag="650" ind1=" " ind2=" ">
    <subfield code="a">&#xA38;&#xA3E;&#xA39;&#xA3F;&#xA24; -- &#xA2A;&#xA70;&#xA1C;&#xA3E;&#xA2C;&#xA40; </subfield>
    <subfield code="9">128868</subfield>
  </datafield>
  <datafield tag="650" ind1=" " ind2=" ">
    <subfield code="a">&#xA2A;&#xA70;&#xA1C;&#xA3E;&#xA2C;&#xA40; -- &#xA28;&#xA3E;&#xA35;&#xA32;  </subfield>
    <subfield code="9">128869</subfield>
  </datafield>
  <datafield tag="650" ind1=" " ind2=" ">
    <subfield code="a">Literature -- Punjabi </subfield>
    <subfield code="9">128870</subfield>
  </datafield>
  <datafield tag="650" ind1=" " ind2=" ">
    <subfield code="a">Punjabi -- Novel</subfield>
    <subfield code="9">6285</subfield>
  </datafield>
  <datafield tag="942" ind1=" " ind2=" ">
    <subfield code="2">ddc</subfield>
    <subfield code="c">PN</subfield>
    <subfield code="h">&#xA09;</subfield>
    <subfield code="m">&#xA17;&#xA41;&#xA30;&#xA1A;</subfield>
  </datafield>
  <datafield tag="999" ind1=" " ind2=" ">
    <subfield code="c">109875</subfield>
    <subfield code="d">109875</subfield>
  </datafield>
  <datafield tag="952" ind1=" " ind2=" ">
    <subfield code="0">0</subfield>
    <subfield code="1">0</subfield>
    <subfield code="4">0</subfield>
    <subfield code="7">0</subfield>
    <subfield code="a">L</subfield>
    <subfield code="b">L</subfield>
    <subfield code="d">2016-01-09</subfield>
    <subfield code="e">Cen Lib/Ret</subfield>
    <subfield code="g">140.00</subfield>
    <subfield code="l">1</subfield>
    <subfield code="o">&#xA13; &#xA17;&#xA41;&#xA30;&#xA1A;</subfield>
    <subfield code="p">B-124908</subfield>
    <subfield code="r">2018-08-21 00:00:00</subfield>
    <subfield code="s">2018-08-10</subfield>
    <subfield code="t">1</subfield>
    <subfield code="v">140.00</subfield>
    <subfield code="w">2016-01-09</subfield>
    <subfield code="y">PN</subfield>
  </datafield>
</record>
